01831nam a2200409 i 450000100090000000300090000900500170001800800410003502000180007602000150009404000380010904300120014708200230015924501360018226400730031826400100039130000280040133600260042933700280045533800270048350000520051050400510056265000240061365000570063765000570069465300250075165500170077670000490079370000600084285601060090285600910100885600920109990600450119194200120123699900170124895201560126517449595EG-ScBUE20230215032606.0120831t2012 ua f b 001 0 eng d a9789774164989 a9774164989 aDLCbengerdacDLCdDLCdEG-ScBUE ama-----04222a305.40956bMAP00aMapping Arab women's movements :ba century of transformations from within /cedited by Pernille Arenfeldt, Nawar Al-Hassan Golley. 1aCairo ;aNew York :bThe American University in Cairo Press,c[2012] 4cc2012 axvi, 392 pages ;c24 cm atextbtxt2rdacontent aunmediatedbn2rdamedia avolumebnc2rdacarrier a"Dar el Kutub No. 24791/11."--Title page verso. aIncludes bibliographical references and index. 7aWomen, Arab.2BUEsh 7aWomenzArab countriesxHistoryy20th century.2BUEsh 7aWomenzArab countriesxHistoryy21st century.2BUEsh bBUSBOLcFebruary2023 vReading book1 aArenfeldt, Pernille,eeditor of compilation.1 aGolley, Nawar Al-Hassan,d1961-eeditor of compilation.423Contributor biographical informationuhttp://www.loc.gov/catdir/enhancements/fy1307/2012406438-b.html423Publisher descriptionuhttp://www.loc.gov/catdir/enhancements/fy1307/2012406438-d.html413Table of contents onlyuhttp://www.loc.gov/catdir/enhancements/fy1413/2012406438-t.html a7bcbccorigresd2encipf20gy-gencatlg 2ddccBB c30147d30118 00102ddc40708BaccahaMAINbMAINc1STd2023-02-15ePurchaseg225.00h37179l0o305.40956 MAPp000044776r2025-07-15 00:00:00v281.25w2023-02-15yBB